| 000 | 00566nam a2200193 a 4500 | ||
|---|---|---|---|
| 001 | 000020190 | ||
| 005 | 20200929170315.0 | ||
| 008 | 100727s2006 dr 000 0 spa d | ||
| 020 | _a9945855131 | ||
| 040 |
_aDO-SdBNP _bspa _cBNPHU |
||
| 082 |
_a891.733 _bT654h |
||
| 100 | 1 |
_aTolstoi, León, _d1828-1910 _942786 |
|
| 245 | 1 | 0 |
_aHistoria de Iván el imbécil / _cLeón Tolstoi. |
| 260 |
_aSanto Domingo : _bEdiciones de Peralta Rodríguez, _c2006. |
||
| 300 |
_a84 p. ; _c18 cm. |
||
| 650 | 4 |
_aNovela rusa _94742 |
|
| 650 | 4 |
_aLiteratura rusa _94743 |
|
| 049 | _aBNPD | ||
| 999 |
_c19697 _d19697 |
||